[Event "ch-RUS Blitz Women 2017"]
[Site "Sochi RUS"]
[Date "2017.10.02"]
[Round "20.3"]
[White "Nechaeva, Marina"]
[Black "Voit, Daria"]
[Result "1-0"]
[WhiteTitle "IM"]
[BlackTitle "FM"]
[WhiteElo "2431"]
[BlackElo "2387"]
[WhiteFideId "4149351"]
[BlackFideId "4182146"]
[EventDate "2017.10.02"]
[EventType "blitz"]

1. d4 Nf6 2. c4 e6 3. Nc3 Bb4 4. Nf3 b6 5. e3 Bb7 6. Bd3 O-O 7. O-O c5 8. Na4
cxd4 9. exd4 Be7 10. a3 d5 11. c5 bxc5 12. Nxc5 Bxc5 13. dxc5 Qc7 14. b4 e5 15.
Bf5 g6 16. Bc2 a5 17. Bb2 d4 18. Re1 Nbd7 19. Nd2 Bd5 20. Ne4 Nxe4 21. Bxe4 Bxe4
22. Rxe4 Nf6 23. Re1 Nd5 24. Qb3 Rfd8 25. Rac1 axb4 26. axb4 Qb7 27. b5 Rab8 28.
b6 Nf4 29. f3 d3 30. Rcd1 Ne2+ 31. Kh1 Qd5 32. Qxd5 Rxd5 33. Ba3 f5 34. g3 e4
35. fxe4 fxe4 36. Kg2 e3 37. Bb4 Rd4 38. Rxe2 Rxb4 39. Rxd3 Rc4 40. Rd5 Rc3 41.
Re5 Rc8 42. b7 Rb8 43. Rb2 Kf7 44. Kf3 Kf6 45. Rd5 Ke6 46. Rd6+ Ke5 47. Rc6 Rf8+
48. Kg2 Rb8 49. Rc8 Rxb7 50. Rxb7 1-0

[Event "ch-RUS Blitz Women 2017"]
[Site "Sochi RUS"]
[Date "2017.10.02"]
[Round "20.4"]
[White "Girya, Olga"]
[Black "Drozdova, Dina"]
[Result "1-0"]
[WhiteTitle "WGM"]
[BlackTitle "WIM"]
[WhiteElo "2505"]
[BlackElo "2209"]
[WhiteFideId "4195752"]
[BlackFideId "4170695"]
[EventDate "2017.10.02"]
[EventType "blitz"]

1. d4 g6 2. e4 Bg7 3. Nf3 d6 4. Bd3 Nf6 5. O-O O-O 6. c3 Nbd7 7. Re1 e5 8. Qc2
c6 9. Nbd2 Re8 10. dxe5 dxe5 11. Nc4 Qc7 12. b4 Nb6 13. Ne3 h6 14. c4 Be6 15.
Bb2 Nbd7 16. c5 a5 17. a3 Nh5 18. Nc4 axb4 19. axb4 Nf4 20. Nd6 Red8 21. Bc4 b6
22. g3 Bxc4 23. Qxc4 Ne6 24. Rxa8 Rxa8 25. Ra1 Rxa1+ 26. Bxa1 bxc5 27. Ne8 Qa7
28. Bb2 Nd4 29. Nxd4 exd4 30. Nxg7 Kxg7 31. bxc5 Qa5 32. Qxd4+ Kf8 33. Qxd7 Qe1+
34. Kg2 Qxe4+ 35. Kh3 1-0

[Event "ch-RUS Blitz Women 2017"]
[Site "Sochi RUS"]
[Date "2017.10.02"]
[Round "20.5"]
[White "Pogonina, Natalija"]
[Black "Bivol, Alina"]
[Result "1-0"]
[WhiteTitle "WGM"]
[BlackTitle "WGM"]
[WhiteElo "2466"]
[BlackElo "2356"]
[WhiteFideId "4147855"]
[BlackFideId "4100123"]
[EventDate "2017.10.02"]
[EventType "blitz"]

1. d4 d5 2. c4 Nf6 3. cxd5 Qxd5 4. Nc3 Qa5 5. Nf3 e6 6. Bd2 c6 7. e4 Bb4 8. Bd3
Nbd7 9. a3 Bxc3 10. Bxc3 Qc7 11. O-O c5 12. Rc1 cxd4 13. Nxd4 Qb6 14. Nb5 a6 15.
Bd4 Qxb5 16. Bxb5 axb5 17. Qe2 b6 18. Rc7 O-O 19. Rfc1 e5 20. Be3 Nxe4 21. Qxb5
Ndf6 22. Bxb6 Ba6 23. Qxe5 Rfe8 24. Re7 Reb8 25. Be3 Rb5 26. Qd4 Bb7 27. f3 Ng5
28. Bxg5 1-0

[Event "ch-RUS Blitz Women 2017"]
[Site "Sochi RUS"]
[Date "2017.10.02"]
[Round "20.6"]
[White "Kharmunova, Nadezhda"]
[Black "Vasilevich, Tatjana"]
[Result "0-1"]
[WhiteTitle "WIM"]
[BlackTitle "IM"]
[WhiteElo "2199"]
[BlackElo "2360"]
[WhiteFideId "4195876"]
[BlackFideId "14101610"]
[EventDate "2017.10.02"]
[EventType "blitz"]

1. Nf3 d5 2. g3 b5 3. Bg2 Bb7 4. d4 e6 5. O-O c5 6. a4 a6 7. Nbd2 Nf6 8. c3 Nbd7
9. Qb3 Qb6 10. Re1 Be7 11. Ne5 O-O 12. Ndf3 Nxe5 13. Nxe5 cxd4 14. axb5 dxc3 15.
Qxc3 Qxb5 16. Nd3 Rfc8 17. Qd4 Rc4 18. Qe5 Bb4 19. Rd1 Rd8 20. h3 Ne4 21. Qh5 g6
22. Qh6 Bf8 23. Qh4 Qb6 24. Be3 Qc7 25. g4 Be7 26. Qh6 Bf8 27. Qh4 Bg7 28. Rac1
a5 29. b3 Rxc1 30. Rxc1 Nc3 31. Kf1 Ba6 32. Bf3 0-1

[Event "ch-RUS Blitz Women 2017"]
[Site "Sochi RUS"]
[Date "2017.10.02"]
[Round "20.7"]
[White "Belenkaya, Dina"]
[Black "Styazhkina, Anna"]
[Result "1-0"]
[WhiteTitle "WGM"]
[BlackTitle "WIM"]
[WhiteElo "2346"]
[BlackElo "2301"]
[WhiteFideId "24142654"]
[BlackFideId "24119300"]
[EventDate "2017.10.02"]
[EventType "blitz"]

1. e4 e5 2. Nf3 Nc6 3. Nc3 Nf6 4. d4 Bb4 5. Nxe5 Nxe5 6. dxe5 Nxe4 7. Qg4 Nxc3
8. Qxb4 Nd5 9. Qg4 g6 10. Bg5 f6 11. exf6 Nxf6 12. Qe2+ Kf7 13. O-O-O d6 14. Qf3
Kg7 15. Qc3 Rf8 16. h4 h6 17. Be3 Bf5 18. f3 Qe7 19. g4 Bd7 20. g5 1-0

[Event "ch-RUS Blitz Women 2017"]
[Site "Sochi RUS"]
[Date "2017.10.02"]
[Round "20.8"]
[White "Maltsevskaya, Aleksandra"]
[Black "Travkina, Anastasia"]
[Result "1-0"]
[BlackTitle "WFM"]
[WhiteElo "2260"]
[BlackElo "2221"]
[WhiteFideId "24174041"]
[BlackFideId "24129151"]
[EventDate "2017.10.02"]
[EventType "blitz"]

1. e4 c5 2. Nf3 d6 3. d4 cxd4 4. Nxd4 Nf6 5. Nc3 g6 6. Be3 Bg7 7. Bc4 O-O 8. f3
Nc6 9. Bb3 Bd7 10. Qd2 Rc8 11. O-O-O Ne5 12. Kb1 Nc4 13. Bxc4 Rxc4 14. g4 Qa5
15. g5 Nh5 16. Nd5 Qd8 17. h4 b5 18. Ne2 e6 19. Ndf4 Qc8 20. Nxh5 gxh5 21. Nf4
Qa6 22. Nxh5 Rfc8 23. Qxd6 Qa4 24. Nf6+ Bxf6 25. gxf6 Qxc2+ 26. Ka1 Kh8 27. Qxd7
h5 28. Rhg1 R4c7 29. Qd8+ Rxd8 30. Rxd8+ 1-0

[Event "ch-RUS Blitz Women 2017"]
[Site "Sochi RUS"]
[Date "2017.10.02"]
[Round "20.9"]
[White "Semenova, Elena1"]
[Black "Ubiennykh, Ekaterina"]
[Result "1/2-1/2"]
[WhiteTitle "WIM"]
[BlackTitle "WIM"]
[WhiteElo "2256"]
[BlackElo "2308"]
[WhiteFideId "24125148"]
[BlackFideId "4137582"]
[EventDate "2017.10.02"]
[EventType "blitz"]

1. e4 c6 2. d4 d5 3. e5 c5 4. dxc5 Nc6 5. Nf3 Bg4 6. h3 Bxf3 7. Qxf3 e6 8. Be3
Nxe5 9. Bb5+ Nc6 10. c3 Nf6 11. O-O Ne4 12. c4 a6 13. cxd5 exd5 14. Ba4 Be7 15.
Nc3 Nxc3 16. bxc3 O-O 17. Rad1 Qa5 18. Bb3 Qxc3 19. Bxd5 Rac8 20. Rb1 Rc7 21.
Bxc6 bxc6 22. Rfc1 Qa3 23. Rb6 Rfc8 24. Qe2 a5 25. Qc4 Bf6 26. Rd1 Re8 27. Qf4
Rcc8 28. Qc4 h6 29. Rd7 Re7 30. Rxe7 Bxe7 31. Rb7 Re8 32. Rc7 Qb2 33. Rxc6 Bf6
34. Rc7 Qb1+ 35. Qf1 Qxa2 36. Rd7 Qc2 37. Rd2 Qc3 38. Qd1 Kh7 39. Qc2+ Qxc2 40.
Rxc2 Be5 41. c6 Rc8 42. Rc5 Bd6 43. Rxa5 Rxc6 44. Rb5 Rc2 45. Kf1 Ra2 46. Rb1 g5
47. g3 Kg7 48. Kg2 Ra6 49. Rb2 Be5 50. Rc2 Re6 51. Rd2 f5 52. Bd4 Bxd4 53. Rxd4 1/2-1/2

[Event "ch-RUS Blitz Women 2017"]
[Site "Sochi RUS"]
[Date "2017.10.02"]
[Round "20.10"]
[White "Ambartsumova, Karina"]
[Black "Sukhareva, Evgeniya"]
[Result "1-0"]
[WhiteTitle "WGM"]
[WhiteElo "2359"]
[BlackElo "2207"]
[WhiteFideId "4166299"]
[BlackFideId "4167155"]
[EventDate "2017.10.02"]
[EventType "blitz"]

1. e4 c5 2. Nf3 e6 3. d4 cxd4 4. Nxd4 a6 5. c4 Qc7 6. Nc3 Nf6 7. Be2 d6 8. O-O
Be7 9. Be3 b6 10. Rc1 Bb7 11. f3 Nbd7 12. Qd2 Rc8 13. Rfd1 O-O 14. Kh1 Qb8 15.
Bg1 Rfe8 16. Nc2 Ne5 17. b3 Red8 18. Bxb6 Re8 19. Bg1 Nfd7 20. f4 Nc6 21. Bf3
Nf6 22. Re1 Ba8 23. Rcd1 Red8 24. Na4 Nd7 25. Nd4 e5 26. Nf5 Bf8 27. fxe5 Ndxe5
28. Qg5 Ng6 29. Nb6 Rc7 30. Nd5 Rcd7 31. h4 h6 32. Qg3 Kh8 33. h5 Nge5 34. Be3
Nb4 35. Bxh6 gxh6 36. Nf6 Ng6 37. Nxd7 Rxd7 38. hxg6 fxg6 39. Qxg6 Qd8 40. Rd2
Nc6 41. Red1 Ne5 42. Qg3 Qf6 43. Qh4 Qg6 44. Bh5 Qe6 45. Bf3 Qg6 46. Kh2 Rf7 47.
Qg3 Qf6 48. Rh1 Bc6 49. Rhd1 Rd7 50. c5 Rf7 51. cxd6 Rd7 52. Qf4 Ng6 53. Qg3 Ne5
54. Rc1 Bb5 55. Rc7 Bc6 56. Rxd7 Bxd7 57. Qf4 Kg8 58. Kg1 Kh8 59. Rd5 Ng6 60.
Qd2 Ne5 61. Qd4 Bc6 62. Qxe5 1-0

[Event "ch-RUS Blitz Women 2017"]
[Site "Sochi RUS"]
[Date "2017.10.02"]
[Round "20.11"]
[White "Bykova, Anastasia"]
[Black "Kovanova, Baira"]
[Result "1-0"]
[WhiteTitle "WFM"]
[BlackTitle "WGM"]
[WhiteElo "2234"]
[BlackElo "2371"]
[WhiteFideId "4164970"]
[BlackFideId "4164083"]
[EventDate "2017.10.02"]
[EventType "blitz"]

1. d4 Nf6 2. Nf3 e6 3. Bf4 d5 4. e3 Bd6 5. Bg3 c6 6. c3 Bxg3 7. hxg3 Nbd7 8. Bd3
b6 9. Ne5 Bb7 10. Nd2 Qc7 11. Ndf3 h6 12. Qa4 b5 13. Qc2 a6 14. a4 Nxe5 15. Nxe5
Nd7 16. Nxd7 Qxd7 17. axb5 cxb5 18. g4 Qe7 19. f4 Rc8 20. Qd2 Qf8 21. Ke2 Qe7
22. Raf1 Kd7 23. f5 Kc7 24. Qe1 Kb8 25. Qg3+ Ka8 26. Ra1 Qd7 27. Rhf1 Rhe8 28.
Kd2 Qc6 29. fxe6 fxe6 30. Rfc1 Qb6 31. Qe1 e5 32. Qe2 e4 33. Bc2 Rc7 34. b4 Rec8
35. Bb3 Rf7 36. Rf1 Rfc7 37. Rac1 Qd6 38. Qf2 Re7 39. Qf4 Qb6 40. g5 hxg5 41.
Qxg5 Rec7 42. Bxd5 Qd6 43. Bxb7+ Kxb7 44. Qf4 Qd5 45. Qf5 Qc4 46. Qxe4+ Ka7 47.
Qd3 Qa2+ 48. Rc2 Qb3 49. Ra1 Rf8 50. Qe2 Rfc8 51. Qxb5 Qe6 52. Qe5 Qb3 53. d5
Rd8 54. Qd4+ Kb7 55. e4 Rc4 56. Qxg7+ Kb6 57. Qf6+ Kc7 58. Rxa6 1-0

[Event "ch-RUS Blitz Women 2017"]
[Site "Sochi RUS"]
[Date "2017.10.02"]
[Round "20.12"]
[White "Tomilova, Elena"]
[Black "Suslova, Alena"]
[Result "1-0"]
[WhiteTitle "WIM"]
[BlackTitle "WFM"]
[WhiteElo "2307"]
[BlackElo "2227"]
[WhiteFideId "4162340"]
[BlackFideId "24111643"]
[EventDate "2017.10.02"]
[EventType "blitz"]

1. d4 d6 2. e4 g6 3. Nc3 Bg7 4. f4 Nf6 5. Nf3 O-O 6. Bd3 c6 7. O-O Qc7 8. Qe1
Nbd7 9. Qh4 h5 10. e5 dxe5 11. fxe5 Nh7 12. Qxe7 Qb6 13. Kh1 a5 14. e6 Ndf6 15.
exf7+ Rxf7 16. Qd6 Nf8 17. Bc4 N8d7 18. Ng5 1-0

[Event "ch-RUS Blitz Women 2017"]
[Site "Sochi RUS"]
[Date "2017.10.02"]
[Round "20.13"]
[White "Bezgodova, Svetlana"]
[Black "Strukova, Ksenia"]
[Result "1-0"]
[WhiteTitle "WIM"]
[WhiteElo "2060"]
[BlackElo "2052"]
[WhiteFideId "4110650"]
[BlackFideId "34106623"]
[EventDate "2017.10.02"]
[EventType "blitz"]

1. Nf3 Nf6 2. g3 g6 3. b3 Bg7 4. Bb2 O-O 5. Bg2 c5 6. c4 d6 7. d4 Nbd7 8. O-O
Rb8 9. Nc3 b6 10. e4 cxd4 11. Nxd4 Bb7 12. Qd2 Nc5 13. Rfe1 a6 14. Rad1 Qc7 15.
h3 Rfe8 16. Kh2 Rbd8 17. Nd5 Nxd5 18. cxd5 e5 19. dxe6 Nxe6 20. Rc1 Qd7 21. Ne2
Bxb2 22. Qxb2 Nc5 23. Red1 Bxe4 24. Nf4 Bxg2 25. Kxg2 Qb7+ 26. Kh2 a5 27. Nd5
Ne4 28. Qd4 Re6 29. Re1 Nc5 30. Nf6+ Rxf6 31. Qxf6 Rf8 32. Qxd6 Qf3 33. Rc2 Ne4
34. Qf4 Qxf4 35. gxf4 Nc5 36. Kg3 Nd3 37. Re3 Nb4 38. Rd2 h5 39. f5 Kg7 40. a3
Na6 41. Rd6 Rb8 42. f6+ Kh6 43. Re7 Nc5 44. b4 axb4 45. axb4 Na6 46. b5 Nc5 47.
Rxf7 Ne4+ 48. Kf4 Nxd6 49. Rd7 Nxb5 50. Ke5 Rf8 51. Ke6 Nc3 52. Ke7 Rh8 53. f7
Ne4 54. f8=Q+ Rxf8 55. Kxf8 b5 56. f4 Nf2 57. h4 Nh3 58. Kg8 g5 59. Rd6# 1-0

[Event "ch-RUS Blitz Women 2017"]
[Site "Sochi RUS"]
[Date "2017.10.02"]
[Round "20.14"]
[White "Belova, Olga"]
[Black "Protopopova, Anastasiya"]
[Result "0-1"]
[WhiteTitle "WFM"]
[BlackTitle "WFM"]
[WhiteElo "2094"]
[BlackElo "2219"]
[WhiteFideId "4138422"]
[BlackFideId "24172073"]
[EventDate "2017.10.02"]
[EventType "blitz"]

1. e4 e5 2. Nf3 Nc6 3. Bb5 a6 4. Ba4 Nf6 5. O-O Be7 6. c3 Nxe4 7. Re1 Nc5 8.
Bxc6 dxc6 9. Nxe5 O-O 10. d4 Nd7 11. Bf4 Nf6 12. c4 Be6 13. Nc3 Bd6 14. b3 Bxe5
15. Bxe5 Nd7 16. Bg3 Bf5 17. Qf3 Bg6 18. Qf4 Rc8 19. Re3 Nf6 20. Bh4 Nh5 21. Qg4
Qd6 22. Be7 Nf6 23. Qh4 Qd7 24. Bxf8 Rxf8 25. Rae1 Qd6 26. c5 Qd8 27. Qf4 b6 28.
h3 b5 29. Re7 b4 30. Nd1 Nd5 31. Qh4 Nxe7 32. Rxe7 Qd5 33. Ne3 Qd8 34. Qg5 h6
35. Qh4 Re8 36. Rxe8+ Qxe8 37. Qf4 Qd7 38. Qe5 Kh7 39. Nc4 Bb1 40. Nd2 Bd3 41.
Kh2 Bg6 42. Nc4 Bd3 43. Nd2 a5 44. Qe3 Bg6 45. Nc4 a4 46. Ne5 Qd5 47. Nxg6 fxg6
48. Qd3 axb3 49. axb3 Qe6 50. Qe3 Qd5 51. Kg3 Qf5 52. Qf4 Qd3+ 53. Qe3 Qf5 54.
Kh2 Qd5 55. f3 Qf5 56. Qe4 Qf7 57. Qd3 Qd5 58. Kg1 Qg5 59. Kf2 Qc1 60. Kg3 Qc3
61. Qe4 Qxb3 62. Qxc6 Qc3 63. Qxc7 b3 64. Qb6 b2 65. c6 Qc1 0-1

[Event "ch-RUS Blitz Women 2017"]
[Site "Sochi RUS"]
[Date "2017.10.02"]
[Round "20.15"]
[White "Garifullina, Leya"]
[Black "Potapova, Margarita"]
[Result "0-1"]
[WhiteTitle "WCM"]
[BlackTitle "WFM"]
[WhiteElo "1936"]
[BlackElo "2163"]
[WhiteFideId "34127035"]
[BlackFideId "14126869"]
[EventDate "2017.10.02"]
[EventType "blitz"]

1. e4 c5 2. Nf3 d6 3. d4 cxd4 4. Nxd4 Nf6 5. Nc3 a6 6. Bg5 e6 7. f4 h6 8. Bh4
Be7 9. Qf3 Nbd7 10. Bf2 Qc7 11. O-O-O g5 12. g3 b5 13. a3 Bb7 14. Qe2 Rg8 15.
Bh3 Nc5 16. fxg5 hxg5 17. Bg2 Nfd7 18. Rhe1 Ne5 19. Kb1 g4 20. h3 Rc8 21. hxg4
Nxg4 22. Bg1 Ne5 23. Bf2 Nc4 24. Na2 Na4 25. Nb3 Naxb2 26. Rc1 Na4 27. Qd3 Nxa3+
28. Ka1 Bf6+ 29. c3 Nc4 30. Bh3 a5 31. Nd4 Ba6 32. Rh1 Ne5 33. Qd2 0-1

[Event "ch-RUS Blitz Women 2017"]
[Site "Sochi RUS"]
[Date "2017.10.02"]
[Round "20.16"]
[White "Nebolsina, Vera"]
[Black "Gritsayeva, Oksana"]
[Result "1/2-1/2"]
[WhiteTitle "WGM"]
[BlackTitle "WFM"]
[WhiteElo "2220"]
[BlackElo "2373"]
[WhiteFideId "4163591"]
[BlackFideId "14104652"]
[EventDate "2017.10.02"]
[EventType "blitz"]

1. e4 g6 2. d4 Bg7 3. Nc3 c6 4. Nf3 d5 5. h3 Nf6 6. e5 Ne4 7. Nxe4 dxe4 8. Ng5
c5 9. Be3 cxd4 10. Bb5+ Bd7 11. Bxd7+ Qxd7 12. Qxd4 Qxd4 13. Bxd4 Nc6 14. c3
Bxe5 15. Bxe5 Nxe5 16. Nxe4 O-O-O 17. O-O f5 18. Ng5 Rd2 19. Rfe1 Nc6 20. b4 h6
21. Ne6 Nd8 22. Nd4 Re8 23. Nf3 Rc2 24. Re3 Nc6 25. Nh4 Rg8 26. b5 Na5 27. Rxe7
Rxc3 28. Rd1 Rc7 29. Re6 Rcg7 30. Rdd6 Nc4 31. Rd5 Nb6 32. Rdd6 Nc4 33. Rd5 Nb6
34. Rdd6 Nc4 35. Rd5 Nb6 1/2-1/2